Statistics for Countries Starting With L - One Minute Sprint

Click here to take the quiz!

General Stats

  • This quiz has been taken 88 times
  • The average score is 8 of 9

Answer Stats

country% Correct
Lithuania
95%
Laos
93%
Latvia
93%
Liberia
88%
Liechtenstein
88%
Libya
86%
Lesotho
85%
Luxembourg
85%
Lebanon
78%

Score Distribution

Percentile by Number Answered

Percent of People with Each Score

Your Score History

You have not taken this quiz